| 000 | 00404nam a2200169Ia 4500 | ||
|---|---|---|---|
| 005 | 20250603144654.0 | ||
| 008 | 250603s9999 xx 000 0 und d | ||
| 020 | _a1571610839 | ||
| 050 | _aAE 5 .C683/ | ||
| 245 | 0 | _aCollier's illustrated encyclopedia of animals | |
| 260 | _aNew York | ||
| 260 | _bCollier & son limited | ||
| 260 | _c1996 | ||
| 300 | _a628 p | ||
| 650 | _aNew York | ||
| 942 | _cBK | ||
| 999 |
_c39608 _d39608 |
||